Lexikón európska dokumentácia

Salvato in:
Dettagli Bibliografici
Natura: Libro
Lingua:slovacco
Pubblicazione: Bratislava Delegácia Európskej komisie v Slovenskej republike 2002
Soggetti:
Tags: Aggiungi Tag
Nessun Tag, puoi essere il primo ad aggiungerne!!

MARC

LEADER 00000nam$a2200000$$$4500
001 0031117
005 20240318113213.9
020 |a 80-968152-7-X 
041 0 |a slo 
044 |a SK 
245 1 0 |a Lexikón  |b európska dokumentácia 
264 1 |a Bratislava  |b Delegácia Európskej komisie v Slovenskej republike  |c 2002 
300 |a 101 s. 
610 2 0 |a Európska únia 
610 2 0 |a spolupráca hospodárska medzinárodná 
610 2 0 |a únie hospodárske 
610 2 0 |a integrácia ekonomická medzinárodná 
610 2 0 |a Európske spoločenstvá